<?xml version="1.0" encoding="UTF-8"?>
<record
    xmlns:xsi="http://www.w3.org/2001/XMLSchema-instance"
    xsi:schemaLocation="http://www.loc.gov/MARC21/slim http://www.loc.gov/standards/marcxml/schema/MARC21slim.xsd"
    xmlns="http://www.loc.gov/MARC21/slim">

  <leader>00755nam a2200241   4500</leader>
  <datafield tag="999" ind1=" " ind2=" ">
    <subfield code="c">84196</subfield>
    <subfield code="d">321473</subfield>
  </datafield>
  <controlfield tag="003">SA-RiCFRIK</controlfield>
  <controlfield tag="005">20221022121722.0</controlfield>
  <controlfield tag="008">120630s  2009      su  f     g      000 0 ara d </controlfield>
  <datafield tag="020" ind1=" " ind2=" ">
    <subfield code="a">9786038012093</subfield>
  </datafield>
  <datafield tag="040" ind1=" " ind2=" ">
    <subfield code="a">Ma-Un</subfield>
    <subfield code="b">ara</subfield>
    <subfield code="c">Ma-Un</subfield>
  </datafield>
  <datafield tag="082" ind1="0" ind2="4">
    <subfield code="a">821.00711531</subfield>
    <subfield code="2">21</subfield>
    <subfield code="b">GSL</subfield>
  </datafield>
  <datafield tag="100" ind1="0" ind2="4">
    <subfield code="a">Gouda, Salwa</subfield>
    <subfield code="9">109050</subfield>
  </datafield>
  <datafield tag="245" ind1="0" ind2="1">
    <subfield code="a">Lectures on English poetry / .</subfield>
    <subfield code="c">Salwa Gouda</subfield>
  </datafield>
  <datafield tag="250" ind1=" " ind2=" ">
    <subfield code="a">1st ed.</subfield>
  </datafield>
  <datafield tag="260" ind1=" " ind2=" ">
    <subfield code="a">Riyadh :</subfield>
    <subfield code="b">al-nashr al-Dawly ;</subfield>
    <subfield code="c">2009.</subfield>
  </datafield>
  <datafield tag="300" ind1=" " ind2=" ">
    <subfield code="a">325 p. ; .</subfield>
    <subfield code="c">25 cm.</subfield>
  </datafield>
  <datafield tag="500" ind1=" " ind2=" ">
    <subfield code="a">Bibliography: p. 325.
</subfield>
  </datafield>
  <datafield tag="504" ind1=" " ind2=" ">
    <subfield code="a">&#x64A;&#x634;&#x62A;&#x645;&#x644; &#x639;&#x644;&#x649; &#x642;&#x627;&#x626;&#x645;&#x629; &#x628;&#x628;&#x644;&#x64A;&#x648;&#x62C;&#x631;&#x627;&#x641;&#x64A;&#x629;.</subfield>
  </datafield>
  <datafield tag="650" ind1=" " ind2="4">
    <subfield code="a">English poetry</subfield>
    <subfield code="9">109053</subfield>
  </datafield>
  <datafield tag="650" ind1=" " ind2="4">
    <subfield code="a">English literature</subfield>
    <subfield code="9">56402</subfield>
  </datafield>
  <datafield tag="650" ind1=" " ind2="4">
    <subfield code="a">English poetry</subfield>
    <subfield code="x">Criticism, Textual</subfield>
    <subfield code="9">109054</subfield>
  </datafield>
  <datafield tag="942" ind1=" " ind2=" ">
    <subfield code="c">BOOK</subfield>
    <subfield code="2">ddc</subfield>
  </datafield>
  <datafield tag="952" ind1=" " ind2=" ">
    <subfield code="1">0</subfield>
    <subfield code="2">2022-10-22</subfield>
    <subfield code="4">0</subfield>
    <subfield code="7">1</subfield>
    <subfield code="U">2022-10-22</subfield>
    <subfield code="a">821.00711531 GSL</subfield>
    <subfield code="d">2022-10-22</subfield>
    <subfield code="h">CL</subfield>
    <subfield code="i">00268443</subfield>
    <subfield code="m">CL</subfield>
    <subfield code="r">2022-10-22 00:00:00</subfield>
    <subfield code="t">BOOK</subfield>
    <subfield code="w">ddc</subfield>
    <subfield code="y">0</subfield>
  </datafield>
  <datafield tag="952" ind1=" " ind2=" ">
    <subfield code="1">0</subfield>
    <subfield code="2">2022-10-22</subfield>
    <subfield code="4">0</subfield>
    <subfield code="7">0</subfield>
    <subfield code="U">2022-10-22</subfield>
    <subfield code="a">821.00711531 GSL</subfield>
    <subfield code="d">2022-10-22</subfield>
    <subfield code="h">CL</subfield>
    <subfield code="i">00268444</subfield>
    <subfield code="m">CL</subfield>
    <subfield code="r">2022-10-22 00:00:00</subfield>
    <subfield code="t">BOOK</subfield>
    <subfield code="w">ddc</subfield>
    <subfield code="y">0</subfield>
  </datafield>
  <datafield tag="952" ind1=" " ind2=" ">
    <subfield code="1">0</subfield>
    <subfield code="2">2022-10-22</subfield>
    <subfield code="4">0</subfield>
    <subfield code="7">0</subfield>
    <subfield code="U">2022-10-22</subfield>
    <subfield code="a">821.00711531 GSL</subfield>
    <subfield code="d">2022-10-22</subfield>
    <subfield code="h">CL</subfield>
    <subfield code="i">00268445</subfield>
    <subfield code="m">CL</subfield>
    <subfield code="r">2022-10-22 00:00:00</subfield>
    <subfield code="t">BOOK</subfield>
    <subfield code="w">ddc</subfield>
    <subfield code="y">0</subfield>
  </datafield>
  <datafield tag="952" ind1=" " ind2=" ">
    <subfield code="1">0</subfield>
    <subfield code="2">2022-10-22</subfield>
    <subfield code="4">0</subfield>
    <subfield code="7">1</subfield>
    <subfield code="U">2022-10-22</subfield>
    <subfield code="a">821.00711531 GSL</subfield>
    <subfield code="d">2022-10-22</subfield>
    <subfield code="h">EZF</subfield>
    <subfield code="i">00268446</subfield>
    <subfield code="m">EZF</subfield>
    <subfield code="r">2022-10-22 00:00:00</subfield>
    <subfield code="t">BOOK</subfield>
    <subfield code="w">ddc</subfield>
    <subfield code="y">0</subfield>
  </datafield>
  <datafield tag="952" ind1=" " ind2=" ">
    <subfield code="1">0</subfield>
    <subfield code="2">2022-10-22</subfield>
    <subfield code="4">0</subfield>
    <subfield code="7">0</subfield>
    <subfield code="U">2022-10-22</subfield>
    <subfield code="a">821.00711531 GSL</subfield>
    <subfield code="d">2022-10-22</subfield>
    <subfield code="h">EZF</subfield>
    <subfield code="i">00268447</subfield>
    <subfield code="m">EZF</subfield>
    <subfield code="r">2022-10-22 00:00:00</subfield>
    <subfield code="t">BOOK</subfield>
    <subfield code="w">ddc</subfield>
    <subfield code="y">0</subfield>
  </datafield>
  <datafield tag="952" ind1=" " ind2=" ">
    <subfield code="1">0</subfield>
    <subfield code="2">2022-10-22</subfield>
    <subfield code="4">0</subfield>
    <subfield code="7">1</subfield>
    <subfield code="U">2022-10-22</subfield>
    <subfield code="a">821.00711531 GSL</subfield>
    <subfield code="d">2022-10-22</subfield>
    <subfield code="h">EMF</subfield>
    <subfield code="i">00268448</subfield>
    <subfield code="m">EMF</subfield>
    <subfield code="r">2022-10-22 00:00:00</subfield>
    <subfield code="t">BOOK</subfield>
    <subfield code="w">ddc</subfield>
    <subfield code="y">0</subfield>
  </datafield>
  <datafield tag="952" ind1=" " ind2=" ">
    <subfield code="1">0</subfield>
    <subfield code="2">2022-10-22</subfield>
    <subfield code="4">0</subfield>
    <subfield code="7">0</subfield>
    <subfield code="U">2022-10-22</subfield>
    <subfield code="a">821.00711531 GSL</subfield>
    <subfield code="d">2022-10-22</subfield>
    <subfield code="h">EMF</subfield>
    <subfield code="i">00268449</subfield>
    <subfield code="m">EMF</subfield>
    <subfield code="r">2022-10-22 00:00:00</subfield>
    <subfield code="t">BOOK</subfield>
    <subfield code="w">ddc</subfield>
    <subfield code="y">0</subfield>
  </datafield>
  <datafield tag="952" ind1=" " ind2=" ">
    <subfield code="1">0</subfield>
    <subfield code="2">2022-10-22</subfield>
    <subfield code="4">0</subfield>
    <subfield code="7">1</subfield>
    <subfield code="U">2022-10-22</subfield>
    <subfield code="a">821.00711531 GSL</subfield>
    <subfield code="d">2022-10-22</subfield>
    <subfield code="h">SZM</subfield>
    <subfield code="i">00268450</subfield>
    <subfield code="m">SZM</subfield>
    <subfield code="r">2022-10-22 00:00:00</subfield>
    <subfield code="t">BOOK</subfield>
    <subfield code="w">ddc</subfield>
    <subfield code="y">0</subfield>
  </datafield>
  <datafield tag="952" ind1=" " ind2=" ">
    <subfield code="1">0</subfield>
    <subfield code="2">2022-10-22</subfield>
    <subfield code="4">0</subfield>
    <subfield code="7">0</subfield>
    <subfield code="U">2022-10-22</subfield>
    <subfield code="a">821.00711531 GSL</subfield>
    <subfield code="d">2022-10-22</subfield>
    <subfield code="h">SZM</subfield>
    <subfield code="i">00268451</subfield>
    <subfield code="m">SZM</subfield>
    <subfield code="r">2022-10-22 00:00:00</subfield>
    <subfield code="t">BOOK</subfield>
    <subfield code="w">ddc</subfield>
    <subfield code="y">0</subfield>
  </datafield>
  <datafield tag="952" ind1=" " ind2=" ">
    <subfield code="1">0</subfield>
    <subfield code="2">2022-10-22</subfield>
    <subfield code="4">0</subfield>
    <subfield code="7">1</subfield>
    <subfield code="U">2022-10-22</subfield>
    <subfield code="a">821.00711531 GSL</subfield>
    <subfield code="d">2022-10-22</subfield>
    <subfield code="h">IC</subfield>
    <subfield code="i">00268452</subfield>
    <subfield code="m">IC</subfield>
    <subfield code="r">2022-10-22 00:00:00</subfield>
    <subfield code="t">BOOK</subfield>
    <subfield code="w">ddc</subfield>
    <subfield code="y">0</subfield>
  </datafield>
</record>
